Library Banner

Islamic studies: a union catalogue of books available in selected libraries of Pakistan/ (Record no. 99775)

MARC details
000 -LEADER
fixed length control field 00420nam a22001337a 4500
005 - DATE AND TIME OF LATEST TRANSACTION
control field 20171102150431.0
008 - FIXED-LENGTH DATA ELEMENTS--GENERAL INFORMATION
fixed length control field 171102b xxu||||| |||| 00| 0 eng d
040 ## - CATALOGING SOURCE
Transcribing agency PK-LaUMT
082 ## - DEWEY DECIMAL CLASSIFICATION NUMBER
Classification number PKAC 025.31
Item number ISL-
245 ## - TITLE STATEMENT
Title Islamic studies: a union catalogue of books available in selected libraries of Pakistan/
260 ## - PUBLICATION, DISTRIBUTION, ETC. (IMPRINT)
Place of publication, distribution, etc Karachi:
Name of publisher, distributor, etc Islamic documentation and information centre,
Date of publication, distribution, etc [ ]
300 ## - PHYSICAL DESCRIPTION
Extent 125 p.
942 ## - ADDED ENTRY ELEMENTS (KOHA)
Koha item type Books
Holdings
Withdrawn status Lost status Damaged status Home library Current library Date acquired Full call number Barcode Date last seen Price effective from Koha item type
      UMT Main Campus UMT Main Campus 2017-11-02 PKAC 025.31 ISL- 115634 2017-11-02 2017-11-02 Books